[Event "IMP Kobiet do lat 20"]
[Site "Chotowa"]
[Date "2023.10.31"]
[Round "6.8"]
[White "Slusarczyk, Anna"]
[Black "Szczotka, Klara"]
[Result "0-1"]
[BlackElo "2020"]
[WhiteElo "1730"]
[LiveChessVersion "1.4.8"]

1. d4 {[%clk 1:30:58]} Nf6 {[%clk 1:27:26]} 2. Nf3 {[%clk 1:31:23]} e6
{[%clk 1:27:41]} 3. c4 {[%clk 1:31:47]} b6 {[%clk 1:27:57]} 4. a3
{[%clk 1:32:11]} Bb7 {[%clk 1:28:18]} 5. Nc3 {[%clk 1:32:34]} d5 {[%clk 1:28:25]}
6. cxd5 {[%clk 1:32:55]} Nxd5 {[%clk 1:28:45]} 7. Qc2 {[%clk 1:33:01]} g6
{[%clk 1:27:59]} 8. e4 {[%clk 1:32:49]} Nxc3 {[%clk 1:27:36]} 9. bxc3
{[%clk 1:33:12]} c5 {[%clk 1:24:50]} 10. Bd3 {[%clk 1:24:55]} Qc7
{[%clk 1:21:25]} 11. O-O {[%clk 1:23:05]} Bg7 {[%clk 1:20:59]} 12. Qe2
{[%clk 1:19:07]} O-O {[%clk 1:16:52]} 13. Bb2 {[%clk 1:16:10]} Nc6
{[%clk 1:14:39]} 14. Rfd1 {[%clk 1:09:09]} Rfd8 {[%clk 1:10:02]} 15. e5
{[%clk 1:00:10]} Na5 {[%clk 1:01:15]} 16. Nd2 {[%clk 0:57:17]} Bh6
{[%clk 0:51:40]} 17. Ne4 {[%clk 0:48:34]} cxd4 {[%clk 0:44:17]} 18. cxd4
{[%clk 0:47:03]} Nb3 {[%clk 0:41:48]} 19. Nd6 {[%clk 0:46:16]} Bd5
{[%clk 0:37:47]} 20. Rab1 {[%clk 0:42:25]} f5 {[%clk 0:29:01]} 21. Ba6
{[%clk 0:28:59]} Bf8 {[%clk 0:25:02]} 22. Nb5 {[%clk 0:17:40]} Qe7
{[%clk 0:05:54]} 23. Bc3 {[%clk 0:13:25]} Na5 {[%clk 0:03:24]} 24. Bxa5
{[%clk 0:11:12]} bxa5 {[%clk 0:03:53]} 25. Rdc1 {[%clk 0:10:16]} Rab8
{[%clk 0:01:41]} 26. f4 {[%clk 0:03:15]} Be4 {[%clk 0:01:12]} 27. Rb3
{[%clk 0:01:50]} Rb6 {[%clk 0:00:46]} 28. Bc8 {[%clk 0:01:34]} Qe8
{[%clk 0:00:42]} 29. Nc7 {[%clk 0:01:34]} Rxc8 {[%clk 0:00:44]} 30. Rxb6
{[%clk 0:01:39]} axb6 {[%clk 0:00:45]} 31. Qc4 {[%clk 0:00:42]} Bd5
{[%clk 0:00:46]} 32. Qf1 {[%clk 0:00:34]} Qd7 {[%clk 0:00:55]} 33. Nxd5
{[%clk 0:00:53]} exd5 {[%clk 0:01:18]} 34. Rb1 {[%clk 0:01:13]} Qc6
{[%clk 0:00:58]} 35. Qf3 {[%clk 0:01:21]} b5 {[%clk 0:01:11]} 36. Qe2
{[%clk 0:01:32]} Qc4 {[%clk 0:00:52]} 0-1

[Event "IMP Kobiet do lat 20"]
[Site "Chotowa"]
[Date "2023.10.31"]
[Round "6.9"]
[White "Gaszka, Zuzanna"]
[Black "Labedz, Gabriela"]
[Result "1-0"]
[BlackElo "1547"]
[WhiteElo "1758"]
[LiveChessVersion "1.4.8"]

1. e4 {[%clk 1:30:58]} d5 {[%clk 1:30:55]} 2. exd5 {[%clk 1:31:14]} Nf6
{[%clk 1:31:21]} 3. Nc3 {[%clk 1:31:05]} Nxd5 {[%clk 1:31:40]} 4. Nxd5
{[%clk 1:30:54]} Qxd5 {[%clk 1:32:04]} 5. d4 {[%clk 1:30:29]} Nc6
{[%clk 1:30:38]} 6. Be3 {[%clk 1:27:27]} Bf5 {[%clk 1:26:33]} 7. c3
{[%clk 1:25:50]} O-O-O {[%clk 1:23:50]} 8. Nf3 {[%clk 1:18:54]} Qa5
{[%clk 1:20:18]} 9. Bd3 {[%clk 1:18:07]} Bg4 {[%clk 1:14:52]} 10. Be4
{[%clk 1:16:26]} Qb5 {[%clk 1:03:25]} 11. Qc2 {[%clk 1:14:25]} Bxf3
{[%clk 0:59:15]} 12. Bxf3 {[%clk 1:14:32]} g6 {[%clk 0:58:08]} 13. a4
{[%clk 1:13:41]} Qf5 {[%clk 0:55:24]} 14. Be4 {[%clk 1:06:19]} Qd7
{[%clk 0:53:21]} 15. b4 {[%clk 1:06:14]} f5 {[%clk 0:50:49]} 16. Bf3
{[%clk 1:04:26]} e5 {[%clk 0:48:00]} 17. b5 {[%clk 1:01:10]} Na5 {[%clk 0:46:58]}
18. dxe5 {[%clk 0:59:45]} Nc4 {[%clk 0:46:04]} 19. Bd4 {[%clk 0:58:40]} Bg7
{[%clk 0:42:59]} 20. O-O {[%clk 0:56:26]} Bxe5 {[%clk 0:40:26]} 21. Qa2
{[%clk 0:52:36]} Bxd4 {[%clk 0:36:41]} 22. Qxc4 {[%clk 0:51:09]} Be5
{[%clk 0:35:12]} 23. Qc5 {[%clk 0:50:43]} Bd6 {[%clk 0:28:29]} 24. Qxa7
{[%clk 0:50:45]} c6 {[%clk 0:28:05]} 25. Qa8+ {[%clk 0:50:33]} Bb8
{[%clk 0:28:05]} 26. bxc6 {[%clk 0:50:55]} Qc7 {[%clk 0:27:45]} 27. cxb7+
{[%clk 0:50:41]} Kd7 {[%clk 0:28:09]} 28. g3 {[%clk 0:50:51]} Qxc3
{[%clk 0:27:17]} 29. Rad1+ {[%clk 0:50:26]} Ke7 {[%clk 0:27:25]} 30. Rxd8
{[%clk 0:49:36]} Rxd8 {[%clk 0:27:39]} 31. Bg2 {[%clk 0:48:44]} g5
{[%clk 0:26:28]} 32. Qa6 {[%clk 0:48:29]} f4 {[%clk 0:24:32]} 33. Qh6
{[%clk 0:48:36]} f3 {[%clk 0:21:38]} 34. Qxg5+ {[%clk 0:48:50]} Ke8
{[%clk 0:21:55]} 35. Qh5+ {[%clk 0:49:02]} 1-0

[Event "IMP Kobiet do lat 20"]
[Site "Chotowa"]
[Date "2023.10.31"]
[Round "6.10"]
[White "Michalska, Lena"]
[Black "Woytitzki, Maja"]
[Result "0-1"]
[BlackElo "1295"]
[WhiteElo "1636"]
[LiveChessVersion "1.4.8"]

1. c4 {[%clk 1:30:59]} Nf6 {[%clk 1:30:48]} 2. d4 {[%clk 1:31:22]} c5
{[%clk 1:31:12]} 3. e3 {[%clk 1:31:18]} cxd4 {[%clk 1:26:09]} 4. exd4
{[%clk 1:31:29]} g6 {[%clk 1:26:04]} 5. d5 {[%clk 1:29:28]} b5 {[%clk 1:24:42]}
6. cxb5 {[%clk 1:28:14]} a6 {[%clk 1:25:01]} 7. Nc3 {[%clk 1:27:32]} Bg7
{[%clk 1:24:23]} 8. Bc4 {[%clk 1:18:07]} O-O {[%clk 1:24:09]} 9. Nge2
{[%clk 1:18:33]} axb5 {[%clk 1:23:10]} 10. Bxb5 {[%clk 1:18:06]} Ba6
{[%clk 1:23:13]} 11. O-O {[%clk 1:17:51]} Bxb5 {[%clk 1:21:15]} 12. Nxb5
{[%clk 1:18:12]} Na6 {[%clk 1:21:30]} 13. d6 {[%clk 1:10:19]} e6 {[%clk 1:21:00]}
14. Nec3 {[%clk 1:10:44]} Qa5 {[%clk 1:17:44]} 15. Qa4 {[%clk 1:02:59]} Qxa4
{[%clk 1:14:20]} 16. Nxa4 {[%clk 1:03:27]} Nd5 {[%clk 1:14:30]} 17. Bd2
{[%clk 0:37:32]} Rfb8 {[%clk 1:13:48]} 18. Nbc3 {[%clk 0:31:41]} Nxc3
{[%clk 1:13:42]} 19. bxc3 {[%clk 0:32:04]} Be5 {[%clk 1:12:53]} 20. Rfd1
{[%clk 0:29:19]} Rb7 {[%clk 1:06:21]} 21. Be3 {[%clk 0:27:09]} Rc8
{[%clk 1:01:48]} 22. f4 {[%clk 0:26:12]} Bg7 {[%clk 1:00:04]} 23. Rab1
{[%clk 0:19:42]} Rxb1 {[%clk 0:58:33]} 24. Rxb1 {[%clk 0:20:11]} Rc4
{[%clk 0:57:47]} 25. Nb6 {[%clk 0:17:48]} Rxc3 {[%clk 0:57:45]} 26. Rc1
{[%clk 0:15:40]} Rxc1+ {[%clk 0:57:49]} 27. Bxc1 {[%clk 0:16:09]} Bd4+
{[%clk 0:58:10]} 28. Kf1 {[%clk 0:16:25]} Bxb6 {[%clk 0:58:34]} 29. Ba3
{[%clk 0:16:01]} Bc5 {[%clk 0:58:58]} 30. Bxc5 {[%clk 0:16:28]} Nxc5
{[%clk 0:59:23]} 31. Ke2 {[%clk 0:16:38]} Ne4 {[%clk 0:59:40]} 32. Kd3
{[%clk 0:15:48]} Nxd6 {[%clk 1:00:05]} 33. Kd4 {[%clk 0:15:55]} Kf8
{[%clk 1:00:02]} 34. Kc5 {[%clk 0:16:07]} Ke7 {[%clk 1:00:26]} 35. a4
{[%clk 0:16:04]} f6 {[%clk 1:00:21]} 36. a5 {[%clk 0:16:09]} Nb7+
{[%clk 1:00:43]} 37. Kb5 {[%clk 0:16:35]} Nxa5 {[%clk 1:00:58]} 38. Kxa5
{[%clk 0:17:03]} Kd6 {[%clk 1:01:21]} 39. Kb4 {[%clk 0:17:24]} Kd5
{[%clk 1:01:43]} 40. Kc3 {[%clk 0:47:53]} Ke4 {[%clk 1:31:52]} 41. g3
{[%clk 0:48:19]} d5 {[%clk 1:31:30]} 0-1

[Event "IMP Kobiet do lat 20"]
[Site "Chotowa"]
[Date "2023.10.31"]
[Round "6.11"]
[White "Bukala, Weronika"]
[Black "Szopa, Emilia"]
[Result "1-0"]
[BlackElo "1706"]
[WhiteElo "1917"]
[LiveChessVersion "1.4.8"]

1. d4 {[%clk 1:30:24]} Nf6 {[%clk 1:30:49]} 2. c4 {[%clk 1:30:38]} d6
{[%clk 1:29:49]} 3. Nc3 {[%clk 1:30:44]} g6 {[%clk 1:28:46]} 4. e4
{[%clk 1:31:02]} Bg7 {[%clk 1:28:33]} 5. h3 {[%clk 1:31:20]} O-O {[%clk 1:28:21]}
6. Be3 {[%clk 1:28:36]} c5 {[%clk 1:24:01]} 7. Nf3 {[%clk 1:25:54]} Nc6
{[%clk 1:19:20]} 8. Be2 {[%clk 1:22:47]} cxd4 {[%clk 1:13:02]} 9. Nxd4
{[%clk 1:22:58]} Bd7 {[%clk 1:13:26]} 10. O-O {[%clk 1:21:25]} Rc8
{[%clk 1:13:19]} 11. Nf3 {[%clk 1:21:14]} Na5 {[%clk 1:09:25]} 12. Nd2
{[%clk 1:13:33]} a6 {[%clk 1:05:34]} 13. Rc1 {[%clk 1:02:36]} Be6
{[%clk 1:01:56]} 14. Na4 {[%clk 0:56:27]} Nd7 {[%clk 1:01:01]} 15. b4
{[%clk 0:44:16]} Nc6 {[%clk 0:50:59]} 16. f4 {[%clk 0:44:23]} Bd4
{[%clk 0:44:26]} 17. Bxd4 {[%clk 0:38:46]} Nxd4 {[%clk 0:44:44]} 18. f5
{[%clk 0:30:27]} Nxe2+ {[%clk 0:38:13]} 19. Qxe2 {[%clk 0:30:50]} Bxc4
{[%clk 0:38:39]} 20. Rxc4 {[%clk 0:27:25]} Rxc4 {[%clk 0:37:05]} 21. Nxc4
{[%clk 0:27:50]} b5 {[%clk 0:37:10]} 22. Nxd6 {[%clk 0:26:34]} exd6
{[%clk 0:30:27]} 23. Nc3 {[%clk 0:26:08]} Qb6+ {[%clk 0:25:03]} 24. Kh1
{[%clk 0:25:14]} Qd4 {[%clk 0:25:01]} 25. Nd5 {[%clk 0:16:33]} Re8
{[%clk 0:23:22]} 26. fxg6 {[%clk 0:16:12]} hxg6 {[%clk 0:17:42]} 27. Qg4
{[%clk 0:15:54]} Re6 {[%clk 0:17:30]} 28. Qf4 {[%clk 0:14:45]} f6
{[%clk 0:09:11]} 29. Qc1 {[%clk 0:09:33]} Qxe4 {[%clk 0:07:31]} 30. Qc8+
{[%clk 0:09:32]} Nf8 {[%clk 0:07:52]} 31. Rxf6 {[%clk 0:08:34]} Qe1+
{[%clk 0:04:47]} 32. Kh2 {[%clk 0:09:00]} Qe5+ {[%clk 0:04:58]} 33. Rf4
{[%clk 0:08:22]} Re8 {[%clk 0:02:26]} 34. Qxe8 {[%clk 0:08:25]} Qxe8
{[%clk 0:02:44]} 35. Nf6+ {[%clk 0:08:51]} Kf7 {[%clk 0:03:09]} 36. Nxe8+
{[%clk 0:09:16]} Kxe8 {[%clk 0:03:36]} 37. Rf3 {[%clk 0:08:29]} Ke7
{[%clk 0:03:57]} 38. Ra3 {[%clk 0:06:54]} d5 {[%clk 0:02:42]} 39. Rxa6
{[%clk 0:07:02]} d4 {[%clk 0:03:04]} 40. Kg1 {[%clk 0:36:38]} Ne6
{[%clk 0:33:14]} 41. Kf2 {[%clk 0:33:34]} Nf4 {[%clk 0:32:54]} 42. Ra5
{[%clk 0:24:58]} Nd3+ {[%clk 0:30:44]} 43. Ke2 {[%clk 0:24:57]} Nxb4
{[%clk 0:30:36]} 44. Rxb5 {[%clk 0:23:52]} Nxa2 {[%clk 0:30:50]} 45. Kd3
{[%clk 0:22:54]} Ke6 {[%clk 0:29:06]} 46. Kxd4 {[%clk 0:22:49]} Nc1
{[%clk 0:29:16]} 47. Ke3 Na2 {[%clk 0:29:27]} 48. Kd2 {[%clk 0:22:31]} 1-0

[Event "IMP Kobiet do lat 20"]
[Site "Chotowa"]
[Date "2023.10.31"]
[Round "6.12"]
[White "Zgoda, Aleksandra"]
[Black "Woytitzki, Sophie"]
[Result "1-0"]
[BlackElo "1259"]
[WhiteElo "1536"]
[LiveChessVersion "1.4.8"]

1. d4 {[%clk 1:30:55]} Nf6 {[%clk 1:30:54]} 2. Bf4 {[%clk 1:31:16]} d5
{[%clk 1:31:19]} 3. e3 {[%clk 1:31:31]} c5 {[%clk 1:31:23]} 4. Nf3
{[%clk 1:28:23]} Nc6 {[%clk 1:29:13]} 5. c3 {[%clk 1:28:01]} Qb6 {[%clk 1:28:19]}
6. Qc1 {[%clk 1:27:57]} cxd4 {[%clk 1:27:51]} 7. exd4 {[%clk 1:27:29]} Bf5
{[%clk 1:27:16]} 8. Nbd2 {[%clk 1:23:59]} Rc8 {[%clk 1:26:52]} 9. h3
{[%clk 1:21:19]} Nb4 {[%clk 1:26:53]} 10. g4 {[%clk 1:11:11]} Bd3
{[%clk 1:26:22]} 11. Ne5 {[%clk 1:06:54]} Qa6 {[%clk 1:18:32]} 12. Nxd3
{[%clk 0:58:55]} Nxd3+ {[%clk 1:18:51]} 13. Bxd3 {[%clk 0:59:17]} Qxd3
{[%clk 1:19:16]} 14. Qd1 {[%clk 0:58:23]} Rc6 {[%clk 1:16:06]} 15. Nf3
{[%clk 0:46:23]} Qe4+ {[%clk 1:14:14]} 16. Be3 {[%clk 0:46:34]} h6
{[%clk 1:12:25]} 17. Qe2 {[%clk 0:43:45]} e6 {[%clk 1:11:47]} 18. O-O-O
{[%clk 0:41:46]} Ba3 {[%clk 1:08:23]} 19. Rd3 {[%clk 0:37:48]} Bd6
{[%clk 1:04:43]} 20. Rg1 {[%clk 0:35:09]} O-O {[%clk 1:04:52]} 21. Nd2
{[%clk 0:32:28]} Qg6 {[%clk 1:04:53]} 22. f3 {[%clk 0:30:28]} Rfc8
{[%clk 1:05:00]} 23. g5 {[%clk 0:29:39]} hxg5 {[%clk 1:04:38]} 24. Bxg5
{[%clk 0:24:36]} Kf8 {[%clk 1:04:09]} 25. Be3 {[%clk 0:21:12]} Qh7
{[%clk 1:04:16]} 26. Qf1 {[%clk 0:20:44]} Ba3 {[%clk 0:59:49]} 27. Nb1
{[%clk 0:21:06]} Bd6 {[%clk 0:58:56]} 28. Rd2 {[%clk 0:21:13]} Ra6
{[%clk 0:57:30]} 29. a3 {[%clk 0:19:29]} Nd7 {[%clk 0:52:53]} 30. Rdg2
{[%clk 0:17:33]} g6 {[%clk 0:52:32]} 31. Bg5 {[%clk 0:12:08]} Nb6
{[%clk 0:51:13]} 32. h4 {[%clk 0:12:10]} Nc4 {[%clk 0:51:26]} 33. Qd3
{[%clk 0:05:49]} Qh5 {[%clk 0:48:48]} 34. Rg4 {[%clk 0:05:04]} b5
{[%clk 0:48:10]} 35. Bf4 {[%clk 0:03:41]} Be7 {[%clk 0:47:43]} 36. Rh1
{[%clk 0:02:23]} b4 {[%clk 0:46:48]} 37. axb4 {[%clk 0:01:11]} Ra1
{[%clk 0:45:51]} 38. b3 {[%clk 0:00:52]} Bxb4 {[%clk 0:36:37]} 39. bxc4
{[%clk 0:01:02]} Bxc3 {[%clk 0:36:55]} 40. c5 {[%clk 0:30:58]} Qf5
{[%clk 1:04:44]} 41. Qxf5 {[%clk 0:26:07]} exf5 {[%clk 1:05:06]} 42. Bd6+
{[%clk 0:26:25]} Ke8 {[%clk 1:05:30]} 43. Rf4 {[%clk 0:26:02]} Rc6
{[%clk 1:04:10]} 44. Kc2 {[%clk 0:24:17]} Bb4 {[%clk 1:04:14]} 45. Rd1
{[%clk 0:21:23]} Rxd6 {[%clk 1:03:34]} 46. cxd6 {[%clk 0:19:04]} Bxd6
{[%clk 1:03:59]} 47. Rxf5 {[%clk 0:19:12]} gxf5 {[%clk 1:04:12]} 48. Nc3
{[%clk 0:19:00]} Rxd1 {[%clk 1:03:47]} 49. Kxd1 {[%clk 0:19:23]} Bg3
{[%clk 1:04:08]} 50. h5 {[%clk 0:19:44]} Bf2 {[%clk 1:04:22]} 51. Nxd5
{[%clk 0:17:41]} Bxd4 {[%clk 1:04:46]} 52. Kd2 {[%clk 0:18:07]} Kd7
{[%clk 1:05:00]} 53. Kd3 {[%clk 0:18:23]} Kd6 {[%clk 1:04:42]} 54. Kxd4
{[%clk 0:18:31]} f4 {[%clk 1:04:55]} 55. h6 {[%clk 0:18:28]} a5 {[%clk 1:05:20]}
56. h7 {[%clk 0:18:45]} a4 {[%clk 1:05:48]} 57. h8=Q {[%clk 0:19:01]} a3
{[%clk 1:06:17]} 58. Qf8+ {[%clk 0:19:14]} Kc6 {[%clk 1:06:42]} 59. Qxa3
{[%clk 0:19:35]} f5 {[%clk 1:07:09]} 60. Qa6+ {[%clk 0:19:52]} Kd7
{[%clk 1:07:36]} 61. Ke5 {[%clk 0:19:35]} Kd8 {[%clk 1:07:47]} 62. Qb7
{[%clk 0:21:45]} Ke8 {[%clk 1:08:11]} 63. Qe7# 1-0

[Event "IMP Kobiet do lat 20"]
[Site "Chotowa"]
[Date "2023.10.31"]
[Round "7.1"]
[White "Goraj, Barbara"]
[Black "Siekanska, Maria"]
[Result "0-1"]
[BlackElo "2065"]
[WhiteElo "2135"]
[LiveChessVersion "1.4.8"]

1. e4 {[%clk 1:30:53]} e5 {[%clk 1:27:47]} 2. Nf3 {[%clk 1:31:09]} Nc6
{[%clk 1:28:13]} 3. Bb5 {[%clk 1:31:30]} a6 {[%clk 1:28:37]} 4. Ba4
{[%clk 1:31:42]} Nf6 {[%clk 1:28:31]} 5. O-O {[%clk 1:31:36]} b5 {[%clk 1:28:52]}
6. Bb3 {[%clk 1:31:50]} Bc5 {[%clk 1:29:13]} 7. a4 {[%clk 1:31:40]} Rb8
{[%clk 1:29:35]} 8. c3 {[%clk 1:31:37]} d6 {[%clk 1:29:52]} 9. d4
{[%clk 1:31:57]} Bb6 {[%clk 1:30:17]} 10. Qd3 {[%clk 1:32:14]} O-O
{[%clk 1:28:09]} 11. Bg5 {[%clk 1:31:59]} h6 {[%clk 1:19:54]} 12. Bxf6
{[%clk 1:30:40]} Qxf6 {[%clk 1:19:29]} 13. axb5 {[%clk 1:30:48]} axb5
{[%clk 1:18:11]} 14. Qxb5 {[%clk 1:30:08]} Bb7 {[%clk 1:06:33]} 15. Bd5
{[%clk 1:13:22]} Na7 {[%clk 0:57:46]} 16. Qd3 {[%clk 1:06:10]} c6
{[%clk 0:41:43]} 17. dxe5 {[%clk 0:58:30]} dxe5 {[%clk 0:41:48]} 18. Bc4
{[%clk 0:58:31]} Rfd8 {[%clk 0:39:38]} 19. Qe2 {[%clk 0:54:52]} Bc8
{[%clk 0:36:00]} 20. h3 {[%clk 0:51:17]} h5 {[%clk 0:27:38]} 21. Ne1
{[%clk 0:44:21]} Qh4 {[%clk 0:23:58]} 22. Nd2 {[%clk 0:37:04]} Nb5
{[%clk 0:20:29]} 23. Ndf3 {[%clk 0:34:53]} Qf6 {[%clk 0:20:10]} 24. Nd3
{[%clk 0:34:20]} Bc7 {[%clk 0:19:39]} 25. Qe3 {[%clk 0:33:53]} Nd6
{[%clk 0:16:32]} 26. Ba2 {[%clk 0:30:10]} Bb6 {[%clk 0:14:56]} 27. Qe2
{[%clk 0:25:06]} g5 {[%clk 0:08:59]} 28. Nfxe5 {[%clk 0:23:28]} Re8
{[%clk 0:07:10]} 29. Nxc6 {[%clk 0:12:36]} Nxe4 {[%clk 0:07:11]} 30. Nxb8
{[%clk 0:11:10]} g4 {[%clk 0:06:12]} 31. Bd5 {[%clk 0:08:03]} gxh3
{[%clk 0:04:41]} 32. Bxe4 {[%clk 0:04:47]} hxg2 {[%clk 0:04:00]} 33. Rfe1
{[%clk 0:01:59]} Qh4 {[%clk 0:02:48]} 34. Bxg2 {[%clk 0:01:28]} Rxe2
{[%clk 0:03:14]} 35. Rxe2 {[%clk 0:01:53]} Bh3 {[%clk 0:02:33]} 36. Bxh3
{[%clk 0:01:26]} Qxh3 {[%clk 0:03:01]} 37. Ne5 {[%clk 0:01:27]} Qg3+
{[%clk 0:02:38]} 38. Kf1 {[%clk 0:01:15]} Qh2 {[%clk 0:02:40]} 39. Nf3
{[%clk 0:00:46]} Qh3+ {[%clk 0:03:03]} 40. Kg1 {[%clk 0:30:34]} Qxf3
{[%clk 0:33:24]} 41. Rae1 {[%clk 0:20:24]} h4 {[%clk 0:33:04]} 42. Re3
{[%clk 0:19:43]} Bxe3 {[%clk 0:32:48]} 43. Rxe3 {[%clk 0:20:08]} Qb7
{[%clk 0:32:51]} 44. Rh3 {[%clk 0:17:09]} Qxb8 {[%clk 0:31:22]} 45. Rxh4
{[%clk 0:17:28]} Qxb2 {[%clk 0:31:37]} 46. c4 {[%clk 0:14:48]} Qc1+
{[%clk 0:30:47]} 47. Kg2 {[%clk 0:12:37]} f5 {[%clk 0:30:18]} 48. Rd4
{[%clk 0:10:10]} Kf7 {[%clk 0:29:59]} 49. Rd5 {[%clk 0:07:53]} Ke6
{[%clk 0:29:53]} 50. Rc5 {[%clk 0:08:13]} Qc3 {[%clk 0:29:38]} 51. Rc8
{[%clk 0:07:38]} Qg7+ {[%clk 0:28:26]} 52. Kf1 {[%clk 0:07:38]} f4
{[%clk 0:28:29]} 53. Re8+ {[%clk 0:05:43]} Kf5 {[%clk 0:27:23]} 54. c5
{[%clk 0:04:52]} f3 {[%clk 0:27:09]} 55. c6 {[%clk 0:04:44]} Qg2+
{[%clk 0:27:30]} 56. Ke1 {[%clk 0:05:08]} Qg1+ {[%clk 0:27:57]} 57. Kd2
{[%clk 0:05:34]} Qxf2+ {[%clk 0:28:23]} 58. Kd3 {[%clk 0:05:35]} Qc5
{[%clk 0:28:35]} 0-1

[Event "IMP Kobiet do lat 20"]
[Site "Chotowa"]
[Date "2023.10.31"]
[Round "7.2"]
[White "Zabrzanska, Weronika"]
[Black "Kudlak, Julia"]
[Result "1-0"]
[BlackElo "1892"]
[WhiteElo "1915"]
[LiveChessVersion "1.4.8"]

1. e4 {[%clk 1:27:06]} e5 {[%clk 1:30:38]} 2. Nf3 {[%clk 1:27:30]} Nc6
{[%clk 1:30:52]} 3. Bc4 {[%clk 1:27:42]} Nf6 {[%clk 1:30:39]} 4. d4
{[%clk 1:27:02]} exd4 {[%clk 1:30:48]} 5. e5 {[%clk 1:27:15]} d5 {[%clk 1:30:20]}
6. Bb5 {[%clk 1:27:27]} Nd7 {[%clk 1:29:11]} 7. O-O {[%clk 1:22:44]} Be7
{[%clk 1:26:32]} 8. Bxc6 {[%clk 1:19:56]} bxc6 {[%clk 1:26:38]} 9. Nxd4
{[%clk 1:17:35]} Nb8 {[%clk 1:25:10]} 10. Qh5 {[%clk 1:08:51]} c5
{[%clk 1:10:53]} 11. Ne2 {[%clk 0:59:22]} O-O {[%clk 1:00:44]} 12. Nf4
{[%clk 0:50:08]} a5 {[%clk 0:56:21]} 13. Rd1 {[%clk 0:45:34]} d4 {[%clk 0:48:04]}
14. Nc3 {[%clk 0:43:08]} Ra6 {[%clk 0:43:21]} 15. Nce2 {[%clk 0:40:50]} f6
{[%clk 0:36:48]} 16. exf6 {[%clk 0:25:26]} Raxf6 {[%clk 0:35:35]} 17. c3
{[%clk 0:21:51]} Nc6 {[%clk 0:31:28]} 18. Qd5+ {[%clk 0:16:01]} Kh8
{[%clk 0:25:21]} 19. cxd4 {[%clk 0:13:59]} cxd4 {[%clk 0:21:56]} 20. b3
{[%clk 0:12:25]} Ba6 {[%clk 0:18:31]} 21. Qe4 {[%clk 0:09:04]} Bxe2
{[%clk 0:12:41]} 22. Nxe2 {[%clk 0:08:58]} Qe8 {[%clk 0:09:33]} 23. Nxd4
{[%clk 0:03:17]} Nxd4 {[%clk 0:09:07]} 24. Qxd4 {[%clk 0:03:45]} Rd6
{[%clk 0:09:16]} 25. Qg4 {[%clk 0:03:35]} Qg6 {[%clk 0:07:53]} 26. Qe2
{[%clk 0:02:29]} Qe4 {[%clk 0:06:03]} 27. Be3 {[%clk 0:01:59]} Rg6
{[%clk 0:05:45]} 28. g3 {[%clk 0:01:32]} c5 {[%clk 0:03:54]} 29. Qd3
{[%clk 0:01:08]} Qf3 {[%clk 0:03:47]} 30. Qd5 {[%clk 0:01:33]} Qg4
{[%clk 0:03:11]} 31. Qd7 {[%clk 0:01:36]} Qe4 {[%clk 0:02:03]} 32. Rac1
{[%clk 0:01:20]} Bg5 {[%clk 0:02:10]} 33. Bxg5 {[%clk 0:01:08]} Rxg5
{[%clk 0:02:32]} 34. Qd3 {[%clk 0:00:56]} Qe6 {[%clk 0:02:10]} 35. Rc2
{[%clk 0:00:41]} Re5 {[%clk 0:01:57]} 36. Rf1 {[%clk 0:00:35]} Re8
{[%clk 0:01:45]} 37. Qc4 {[%clk 0:00:40]} Qf5 {[%clk 0:01:09]} 38. Rcc1
{[%clk 0:00:42]} Qh3 {[%clk 0:00:44]} 39. Qb5 {[%clk 0:00:42]} Rc8
{[%clk 0:00:38]} 40. Rfe1 {[%clk 0:30:36]} Rf5 {[%clk 0:30:33]} 41. Qd7
{[%clk 0:26:33]} Rcf8 {[%clk 0:29:06]} 42. Rxc5 {[%clk 0:23:50]} g6
{[%clk 0:21:36]} 43. Rc7 {[%clk 0:15:08]} R8f7 {[%clk 0:18:01]} 44. Qd4+
{[%clk 0:12:51]} Kg8 {[%clk 0:18:10]} 45. Re8+ {[%clk 0:13:06]} Rf8
{[%clk 0:18:35]} 46. Qg7# {[%clk 0:13:30]} 1-0